00757nam a22002057a 4500999001900000005001700019010001500036020002600051035001400077037001300091082000800104100002000112245009900132260004700231270007900278300002200357500001900379942002200398952013100420 c166328d16632820190719164904.0 aENG-126016 a9788173056192c995.00 aEN-109548 bDBAD/PUB a954 aJain, Meenakshi aFlights of deities and rebirth of temples :cby Meenakshi Jainbepisodes from Indian history / aNew DelhibAryan Books Internationalc2019 aPooja Apartments, 4BbAnsari Road, New Delhie110002maryanbooks@gmail.com ax,405p.c22cm(Hb) aIncludes index 2ddccENh954mJAI 001040708NFICaLbLd2019-07-19eDBAD/PUBg995.00l5m3o954 JAIpEN-109548r2024-11-27 00:00:00s2024-11-11t1v995.00yEN